00700 2200265 4500001002100000005001700021008004100038020001800079035002400097040001300121082000800134084001400142090001400156100001800170245003400188250001000222260005000232300003200282440002600314650002400340990001600364990001800380990001800398990001800416INLIS00000000000005320151026094723.0  a979-8948-46-7 0010-101500000000008 aNPBUNLOB a398 a389 Sup c a389 Sup c aY.B. Suparlan aCerita Rakyat Sumatra selatan acet 3 aYogyakarta:bYayasan Pustaka Nusantra,c1998. avii, 56 hlm,; ilis.; 21 cm. acerita Naka Indonesia aFIksi/Cerita Rakyat a4269/Sum/02 a12660/PN/2015 a12661/PN/2015 a12662/PN/2015